RFID v knižnici

Salvato in:
Dettagli Bibliografici
Autore principale: Štetiar, Matej, 1991- (Autore)
Altri autori: Andrejčíková, Nadežda, 1966- (Relatore della tesi)
Natura: Manoscritto Libro
Lingua:slovacco
Pubblicazione: Bratislava : STU v Bratislave FIIT, 2013
Soggetti:
Accesso online:VAIS
Tags: Aggiungi Tag
Nessun Tag, puoi essere il primo ad aggiungerne!!

MARC

LEADER 00000ntm a22000003a 4500
001 stu274770
005 20150617230239.7
008 130924s2013----xo------------------slo-d
040 |a STU  |b slo 
041 0 |a slo 
044 |a xo 
100 1 |a Štetiar, Matej,  |d 1991-  |4 aut  |u I200  |U FIIT Fakulta informatiky a informačných technológií  |T FIIT Ústav informatiky a softvérového inžinierstva  |X 5766  |U I200  |Y 179  |7 A000005766 
242 0 0 |a RFID in the library  |y eng 
245 1 |a RFID v knižnici 
260 |a Bratislava :  |b STU v Bratislave FIIT,  |c 2013 
300 |a 60 s  |c príl. 
650 7 |a informatika  |2 stusub 
650 7 |a Informatics  |2 estusub 
650 7 |a library  |2 estusub 
650 7 |a bezpečnosť  |2 stusub 
650 7 |a knižnica  |2 stusub 
700 1 |a Andrejčíková, Nadežda,  |d 1966-  |4 ths  |u I200  |U FIIT Fakulta informatiky a informačných technológií  |T FIIT Ústav informatiky a softvérového inžinierstva  |X 38835  |U I200  |Y 179  |7 A000038835 
856 4 |a info a plný text  |u http://is.stuba.sk/zp/portal_zp.pl?podrobnosti=77770  |3 VAIS 
996 |b IBAP62/13  |c I*BAP62/13  |l II680  |s A  |a 24  |w stu274770_0001